<Der> Börsen-Berater. Aktien, Devisen, Gold und Renten rechtzeitig kaufen und verkaufen

Guardado en:
Detalles Bibliográficos
Autor principal: Lang, Uwe
Formato: Libro
Lenguaje:alemán
Publicado: Frankfurt am Main Campus 1990
Edición:2. überarb. Aufl.
Etiquetas: Agregar Etiqueta
Sin Etiquetas, Sea el primero en etiquetar este registro!

MARC

LEADER 00000nam a2200000 4500
001 c034507
005 20221215124230.2
041 0 |a ger 
044 |a DE 
245 1 0 |a <Der> Börsen-Berater. Aktien, Devisen, Gold und Renten rechtzeitig kaufen und verkaufen  |c Uwe Lang 
250 |a 2. überarb. Aufl. 
264 1 |a Frankfurt am Main  |b Campus  |c 1990 
300 |a 204 s. 
100 1 |a Lang, Uwe